000 00638nam a2200205 4500
001 132880
003 ES-MaACL
005 20250815085329.0
007 t|
008 070214s1978 sp r ||||1| spa d
100 1 _aRosique Jiménez, Juan.
_999787
245 1 0 _aCiencia de materiales
_b: problemas /
_cJuan Rosique Jiménez, Pedro Coca Rebollero.
260 _aMadrid :
_bPirámide,
_c1978.
300 _a438 p. :
_bil. ;
_c23 cm.
490 1 _aCiencia y técnica
700 1 _aCoca Rebollero, Pedro.
_939382
830 0 0 _aCiencia y técnica
_9177702
852 _aES-MaACL
_jA-9458
_bR.98489
999 _c132880
_d132880